Auditora̕ y revisora̕ fiscal con normas internacionales de auditora̕

Detalles Bibliográficos
Autor principal: Gamboa Sur̀ez, Ramiro
Otros Autores: Jimňez Rodrg̕uez, Luis Alfredo, Vargas Ortiz, John Mauricio
Formato: eBook
Lenguaje:español
Publicado: Bogot:̀ ECOE, 2019
Materias:
Acceso en línea:Acceso restringido

MARC

LEADER 00000nam a22000007a 4500
005 20200311214720.0
007 cr|||| ||||
008 200311s2019 co |||||s|||| 00||0 spa d
020 |a 978-958-771-804-1 
035 |a 31250 
040 |a vLex 
090 |c 10229  |d 10229 
100 1 |a Gamboa Sur̀ez, Ramiro 
245 1 0 |a Auditora̕ y revisora̕ fiscal con normas internacionales de auditora̕  |h [Recurso electrn̤ico] /  |c Ramiro Gamboa Sur̀ez, Luis Alfredo Jimňez Rodrg̕uez, John Mauricio Vargas Ortiz 
256 |a Servicio en ln̕ea 
260 |a Bogot:̀  |b ECOE,  |c 2019 
300 |a 1 recurso electrn̤ico 
506 1 |a Disponible solo en los productos indicados  |d vLex Global  |d vLex Global (Academic Edition, excluding Law Schools)  |d vLex Global (U.S. Academic Edition, Law Schools)  |d vLex Global (U.S. Academic Edition, excluding Law Schools)  |d vLex Global (Academic Edition, Law Schools) 
650 0 4 |a Derecho Fiscal  |z Colombia 
650 0 4 |a Contabilidad  |z Colombia 
700 1 |a Jimňez Rodrg̕uez, Luis Alfredo 
700 1 |a Vargas Ortiz, John Mauricio 
740 0 |a vLex Libros (Servicio en ln̕ea) 
856 4 0 |u http://vlex.com/source/auditoria-revisoria-fiscal-normas-internacionales-auditoria-31250  |z Acceso restringido 
942 |c BOOK 
999 0 |a Tax Law 
999 0 |a Accounting